| 000 | 00651nam a2200193 i 4500 | ||
|---|---|---|---|
| 001 | 62410 | ||
| 003 | ES-MaACL | ||
| 005 | 20250815113537.0 | ||
| 007 | t| | ||
| 008 | 031120s1928 sp ||||1| spa d | ||
| 100 | 1 |
_aFernández y Rodríguez, Obdulio, _d1883-1982 _950192 |
|
| 245 | 1 | 3 |
_aLa reacción de Reimer-Tiemann en la serie ciclánica / _cObdulio Fernández. |
| 260 |
_aMadrid : _b[s.n., _c1928] |
||
| 300 |
_a4 h. ; _c21 cm. |
||
| 595 | _aTirada aparte de: Anales de la Sociedad Española de Física y Química, t. 26, p. 33-39. | ||
| 650 | 7 |
_aReacciones químicas _2embne _916682 |
|
| 852 |
_aES-MaACL _j1714-F-18 |
||
| 999 |
_c62410 _d62410 |
||